000 00625nam a2200241 i 4500
001 C2-0264684
003 PPAK
005 20180727232930.0
008 050505s2004 my |||| ||||| | eng d
020 _a9832737176
040 _aPPAK
_beng
_cPPAK
_erda
082 0 4 _a823
_223
090 0 0 _a823
_bMAN
_dG
100 1 _aManiam, K.S.,
_eauthor
245 1 0 _aFaced out
264 1 _aPetaling Jaya, Selangor :
_bMaya Press ,
_c2004
300 _a103 pages ;
_c21 cm
336 _2rdacontent
_atext
337 _2rdamedia
_aunmediated
338 _2rdacarrier
_avolume
650 1 0 _aShort stories, English.
942 _ddc
_cB
999 _c74444
_d74444